| 000 | 00500pab a2200181 454500 | ||
|---|---|---|---|
| 008 | 180718b1995 xxu||||| |||| 00| 0 eng d | ||
| 100 | _aSingh, Chandra B.P. | ||
| 245 | _aNeed for training the functionaries of Bihar Panchayats | ||
| 260 | _c1995 | ||
| 300 | _ap.38-43 | ||
| 362 | _aOct-Nov | ||
| 650 | _aNon Governmental organisations - India - Bihar | ||
| 650 | _aPanchayat - India - Bihar | ||
| 650 | _aPanchayat | ||
| 700 | _aSingh, Prawin K. | ||
| 773 | _aThird Concept | ||
| 909 | _a30294 | ||
| 999 |
_c30294 _d30294 |
||